Нелинейная мезомеханика материалов для арктических приложений; Иерархические материалы: разработка и приложения для новых технологий и надежных конструкций

Dettagli Bibliografici
Parent link:Иерархические материалы: разработка и приложения для новых технологий и надежных конструкций.— 2019.— [С. 684]
Enti autori: Национальный исследовательский Томский политехнический университет Инженерная школа ядерных технологий Отделение экспериментальной физики, Национальный исследовательский Томский политехнический университет Инженерная школа новых производственных технологий Отделение материаловедения
Altri autori: Панин В. Е. Виктор Евгеньевич, Егорушкин В. Е., Сурикова Н. С., Деревягина Л. С., Панин С. В. Сергей Викторович
Riassunto:Заглавие с экрана
Режим доступа: по договору с организацией-держателем ресурса
Lingua:russo
Pubblicazione: 2019
Serie:Пленарные доклады
Soggetti:
Accesso online:https://elibrary.ru/item.asp?id=41207364
Natura: MixedMaterials Elettronico Capitolo di libro
KOHA link:https://koha.lib.tpu.ru/cgi-bin/koha/opac-detail.pl?biblionumber=661190

MARC

LEADER 00000naa2a2200000 4500
001 661190
005 20260209164107.0
035 |a (RuTPU)RU\TPU\network\31446 
035 |a RU\TPU\network\31439 
090 |a 661190 
100 |a 20191122d2019 k||y0rusy50 ca 
101 0 |a rus 
102 |a RU 
135 |a drgn ---uucaa 
181 0 |a i  
182 0 |a b 
200 1 |a Нелинейная мезомеханика материалов для арктических приложений  |f В. Е. Панин [и др.] 
203 |a Текст  |c электронный 
225 1 |a Пленарные доклады 
300 |a Заглавие с экрана 
320 |a [Библиогр.: с. 684 (2 назв.)] 
333 |a Режим доступа: по договору с организацией-держателем ресурса 
463 1 |0 (RuTPU)RU\TPU\network\31158  |t Иерархические материалы: разработка и приложения для новых технологий и надежных конструкций  |o международный междисциплинарный симпозиум, 1-5 октября 2019 г., Томск, Россия  |o тезисы докладов International Workshop "Multiscale Biomechanics and Tribology of Inorganic and Organic Systems"  |o тезисы докладов международной конференции "Перспективные материалы с иерархической структурой для новых технологий и надежных конструкций"  |o тезисы докладов международной конференции "Химия нефти и газа: добыча, подготовка, транспорт нефти и газа"  |f Российская академия наук (РАН), Сибирское отделение (СО), Институт физики прочности и материаловедения (ИФПМ) ; Институт химии нефти (ИХН)  |v [С. 684]  |d 2019 
610 1 |a электронный ресурс 
610 1 |a труды учёных ТПУ 
610 1 |a мезомеханика 
610 1 |a пластические деформации 
610 1 |a арктические материалы 
610 1 |a стали 
610 1 |a низкие температуры 
610 1 |a долговечность 
701 1 |a Панин  |b В. Е.  |c специалист в области физики и механики деформируемого твердого тела, физического материаловедения  |c профессор Томского политехнического университета, доктор физико-математических наук  |c заведующий кафедрой материаловедения в машиностроении  |c директор Российского материаловедческого центра  |c научный руководитель Института физики прочности и материаловедения СО РАН  |f 1930-2020  |g Виктор Евгеньевич  |3 (RuTPU)RU\TPU\pers\12102  |9 3172 
701 1 |a Егорушкин  |b В. Е. 
701 1 |a Сурикова  |b Н. С. 
701 1 |a Деревягина  |b Л. С. 
701 1 |a Панин  |b С. В.  |c специалист в области материаловедения  |c профессор Томского политехнического университета, доктор технических наук  |f 1971-  |g Сергей Викторович  |3 (RuTPU)RU\TPU\pers\26548  |9 12237 
712 0 2 |a Национальный исследовательский Томский политехнический университет  |b Инженерная школа ядерных технологий  |b Отделение экспериментальной физики  |3 (RuTPU)RU\TPU\col\23549 
712 0 2 |a Национальный исследовательский Томский политехнический университет  |b Инженерная школа новых производственных технологий  |b Отделение материаловедения  |3 (RuTPU)RU\TPU\col\23508 
801 2 |a RU  |b 63413507  |c 20191126  |g RCR 
856 4 |u https://elibrary.ru/item.asp?id=41207364 
942 |c CF